Central Library OPAC University of Rajshahi

Study of herpes simplex virus type-2 among women with spontaneous abortion and normal delivery / (Record no. 84182)

MARC details
000 -LEADER
fixed length control field 01090nam a2200253 a 4500
001 - CONTROL NUMBER
RUCL Control Number 84182
003 - CONTROL NUMBER IDENTIFIER
rucl marc code BD-RjUL
005 - DATE AND TIME OF LATEST TRANSACTION
control field 20241028163202.0
008 - FIXED-LENGTH DATA ELEMENTS--GENERAL INFORMATION
fixed length control field 241028s2016 bg a|||| m||| 00| 0 eng d
035 ## - SYSTEM CONTROL NUMBER
system control number (BD-RjUL)84182
040 ## - CATALOGING SOURCE
Original cataloging agency BD-RjUL
Language of cataloging eng
Transcribing agency BD-RjUL
Modifying agency BD-RjUL
041 ## - LANGUAGE CODE
Language code of Book eng
082 ## - DEWEY DECIMAL CLASSIFICATION NUMBER
DDC Edition number 23
Classification number 362.198
Author mark and Year SAS 2016
100 ## - MAIN ENTRY--PERSONAL NAME
Personal name Saheduzzaman, Md.
9 (RLIN) 13962
245 10 - TITLE STATEMENT
Title Study of herpes simplex virus type-2 among women with spontaneous abortion and normal delivery /
Statement of responsibility, etc Md. Saheduzzaman ;
Name of Supervisor/Co-Supervisor Principal Supervisor : Parvez, Hassan, Co-Supervisor : Abdullah, -Al-Masum
260 ## - PUBLICATION, DISTRIBUTION, ETC. (IMPRINT)
Place of publication, distribution, etc Rajshahi :
Name of publisher, distributor, etc Molecular Biology Laboratory Institute of Biological sciences, University of Rajshahi,
Date of publication, distribution, etc 2016
300 ## - PHYSICAL DESCRIPTION
Pagination [15], 75 leaves :
Other physical details ill, ;
Dimensions 29.cm.
502 ## - DISSERTATION NOTE
Dissertation note Thesis (M. Phil.) -- Molecular Biology Laboratory Institute of Biological sciences, University of Rajshahi, 2016
504 ## - BIBLIOGRAPHY, ETC. NOTE
Bibliography, etc References : Leaves 56 - 68
650 ## - SUBJECT ADDED ENTRY--TOPICAL TERM
Topical term or geographic name as entry element Abortion
Form subdivision Women
9 (RLIN) 13963
700 ## - ADDED ENTRY--SUPERVISOR/CO-SUPERVISOR NAME
Personal name Hassan, Parvez, Principal Supervisor
9 (RLIN) 3111
Personal name Masum,- Abdullah, -Al- Co-Supervisor
9 (RLIN) 13964
942 ## - ADDED ENTRY ELEMENTS (KOHA)
Source of classification or shelving scheme Dewey Decimal Classification
Koha item type Theses
Holdings
Source of classification or shelving scheme Damaged status Not for loan Collection code Permanent Location Current Location Shelving location Date of accession Source of acquisition Total Checkouts Full call number Barcode Date last seen Copy number Thesis
Dewey Decimal Classification   Not For Loan Theses Central Library, University of Rajshahi Central Library, University of Rajshahi Documentation Section 02/05/2019 Controller of Exam. R. U.   THE 362.198 SAS 2016 D4275 28/10/2024 C-1 Theses